00553cam a22002291 4500001001300000003000400013005001700017008004100034010001700075035002000092040001800112042001200130050001700142100002200159245003600181260001100217300001900228500001400247650002200261700002300283999001700306sa 62000961 DLC20260227111916.0890613s1961 ii 000 0 hino  asa 62000961  a(OCoLC)19865638 aDLCcWaUdDLC apremarc00aPK2038b.S351 aSarma, Sivadatta.10aSāhityaka nibandha pradīpa. c[1961] a523 p.c23 cm. aIn Hindi. 0aHindi literature.1 aŚarmā, Saroja. c53111d53111